El sueño zapatista / (Record no. 17109)

MARC details
000 -LEADER
campo de control de longitud fija 00777nam a2200241 i 4500
001 - NÚMERO DE CONTROL
campo de control 17109
003 - IDENTIFICADOR DE NÚMERO DE CONTROL
campo de control ES-MaACL
005 - FECHA Y HORA DE LA ÚLTIMA TRANSACCIÓN
campo de control 20251218063012.0
007 - CAMPO FIJO DE DESCRIPCIÓN FÍSICA--INFORMACIÓN GENERAL
campo de control de longitud fija t|
008 - DATOS DE LONGITUD FIJA--INFORMACIÓN GENERAL
campo de control de longitud fija 001220s1997 sp ||||1| spa d
020 ## - NÚMERO INTERNACIONAL ESTÁNDAR DEL LIBRO
Número Internacional Estándar del Libro 84-339-2534-2
080 ## - NÚMERO DE LA CLASIFICACIÓN DECIMAL UNIVERSAL
Número de la Clasificación Decimal Universal 323.27:316.343.64(727.4)"1994/..."
100 0# - ENTRADA PRINCIPAL--NOMBRE DE PERSONA
Nombre de persona Marcos,
Títulos y otros términos asociados al nombre subcomandante
9 (RLIN) 76517
245 13 - MENCIÓN DEL TÍTULO
Título El sueño zapatista /
Mención de responsabilidad, etc. Subcomandante Marcos, Yvon Le Bot.
260 ## - PUBLICACIÓN, DISTRIBUCIÓN, ETC.
Lugar de publicación, distribución, etc. Barcelona :
Nombre del editor, distribuidor, etc. Anagrama,
Fecha de publicación, distribución, etc. [1997]
300 ## - DESCRIPCIÓN FÍSICA
Extensión 325 p., [8] h. de lám. ;
Dimensiones 22 cm.
490 1# - MENCIÓN DE SERIE
Mención de serie Crónicas Anagrama ;
Designación de volumen o secuencia 34
651 #4 - PUNTO DE ACCESO ADICIONAL DE MATERIA--NOMBRE GEOGRÁFICO
Nombre geográfico Chiapas-
Subdivisión general Historia-
Subdivisión cronológica Revuelta campesina, 1994-
9 (RLIN) 8037
700 1# - ENTRADA AGREGADA--NOMBRE PERSONAL
Nombre de persona Le Bot, Yvon.
9 (RLIN) 70838
830 0# - PUNTO DE ACCESO ADICIONAL DE SERIE-TÍTULO UNIFORME
Título uniforme Crónicas Anagrama ;
Designación de volumen o secuencia 34
9 (RLIN) 180220
852 ## - LOCALIZACIÓN
Ubicación ES-MaACL
Número de control de estantería L-23962
Sublocalización o colección R.129082
Holdings
Estatus retirado Estado de pérdida Estado de daño No para préstamo Biblioteca de origen Biblioteca actual Ubicación en estantería Fecha de adquisición Fuente de adquisición Total de préstamos Signatura topográfica completa Código de barras Visto por última vez Precio de reemplazo Tipo de ítem Koha
        Biblioteca del Ateneo de Madrid Biblioteca del Ateneo de Madrid Depósito 2 17/01/2008     L-23962 1017455 23/02/2023 23/02/2023 Libro impreso